Banderas de las Comunidades Autónomas - Estadísticas

Estadísticas generales
  • Esta prueba ha sido intentada 31 veces
    22 desde el último reinicio
  • La puntuación promedio es 18 de 19
Estadísticas de respuestas
Hint Respuesta % Correcto
Andalucía
100%
Canarias
100%
Castilla-La Mancha
100%
Castilla y León
100%
Cataluña
100%
Comunidad de Madrid
100%
Comunitat Valenciana
100%
Aragón
93%
Extremadura
93%
País Vasco
93%
Principado de Asturias
93%
Región de Murcia
93%
Ceuta
87%
Comunidad Foral de Navarra
87%
Galicia
87%
Islas Baleares
87%
La Rioja
87%
Melilla
87%
Cantabria
80%
No se encontraron pruebas coincidentes
Distribución de puntuación
Porcentaje de gente con cada puntuación
Porcentaje por número respondido
Historial de tus puntuaciones
No has intentado esta prueba desde el último reinicio